000
00229nam a22000857a 4500
008
161219b xxu||||| |||| 00| 0 eng d
100
_9
2117
_a
Sharma, N
245
_a
English Conversastion 4
260
_a
New Delhi
_b
Dhruv Enterprises
_c
2002
999
_c
4999
_d
4999